<?xml version="1.0" encoding="UTF-8"?>
<record
    xmlns:xsi="http://www.w3.org/2001/XMLSchema-instance"
    xsi:schemaLocation="http://www.loc.gov/MARC21/slim http://www.loc.gov/standards/marcxml/schema/MARC21slim.xsd"
    xmlns="http://www.loc.gov/MARC21/slim">

  <leader>00751nam a22001337a 4500</leader>
  <datafield tag="040" ind1=" " ind2=" ">
    <subfield code="c">RUA</subfield>
  </datafield>
  <datafield tag="082" ind1=" " ind2=" ">
    <subfield code="a">AGR EAM1 2.018 B663 Or</subfield>
  </datafield>
  <datafield tag="100" ind1=" " ind2=" ">
    <subfield code="a">EAM SREYNICH &#x17A2;&#x17C0;&#x1798; &#x179F;&#x17D2;&#x179A;&#x17B8;&#x1793;&#x17B7;&#x1785;</subfield>
  </datafield>
  <datafield tag="245" ind1=" " ind2=" ">
    <subfield code="a">&#x1794;&#x17D2;&#x179A;&#x179F;&#x17B7;&#x1791;&#x17D2;&#x1792;&#x1797;&#x17B6;&#x1796;&#x1793;&#x17C3;&#x1780;&#x17B6;&#x179A;&#x1785;&#x1798;&#x17D2;&#x179A;&#x17B6;&#x1789;&#x17CB;&#x1794;&#x17D2;&#x179A;&#x1797;&#x17C1;&#x1791;&#x179A;&#x17BB;&#x1780;&#x17D2;&#x1781;&#x1787;&#x17B6;&#x178F;&#x17B7;&#x1780;&#x17D2;&#x1793;&#x17BB;&#x1784;&#x1780;&#x17B6;&#x179A;&#x1794;&#x17D2;&#x179A;&#x1786;&#x17B6;&#x17C6;&#x1784;&#x1787;&#x17C6;&#x1784;&#x17BA;&#x1795;&#x17D2;&#x179F;&#x17B7;&#x178F;&#x17A2;&#x17BB;&#x179B;&#x1798;&#x17BC;&#x179B; &#x178A;&#x17C2;&#x179B;&#x1794;&#x1784;&#x17D2;&#x1780;&#x178A;&#x17C4;&#x1799;&#x1797;&#x17D2;&#x1793;&#x17B6;&#x1780;&#x17CB;&#x1784;&#x17B6;&#x179A; altetnaria solani &#x1793;&#x17C5;&#x179B;&#x17BE;&#x1794;&#x17C9;&#x17C1;&#x1784;&#x1794;&#x17C9;&#x17C4;&#x17C7; the efficiency of plant extracts for antifungal activity caused by Alternaria solani on tomato ( solanum lycopersicum )</subfield>
  </datafield>
  <datafield tag="260" ind1=" " ind2=" ">
    <subfield code="a">RUA</subfield>
    <subfield code="b">Phnom penh</subfield>
    <subfield code="c">2018</subfield>
  </datafield>
  <datafield tag="300" ind1=" " ind2=" ">
    <subfield code="a">vi;29p</subfield>
    <subfield code="b">ill;</subfield>
    <subfield code="c">29cm</subfield>
  </datafield>
  <datafield tag="856" ind1=" " ind2=" ">
    <subfield code="u">EAM SREYNICH</subfield>
  </datafield>
  <datafield tag="942" ind1=" " ind2=" ">
    <subfield code="c">AGR</subfield>
  </datafield>
  <datafield tag="999" ind1=" " ind2=" ">
    <subfield code="c">19230</subfield>
    <subfield code="d">19230</subfield>
  </datafield>
  <datafield tag="952" ind1=" " ind2=" ">
    <subfield code="0">0</subfield>
    <subfield code="1">0</subfield>
    <subfield code="2">ddc</subfield>
    <subfield code="4">0</subfield>
    <subfield code="6">AGR_EAM_2018_000000000000000_B663_OR_1</subfield>
    <subfield code="7">0</subfield>
    <subfield code="9">84379</subfield>
    <subfield code="a">LBB</subfield>
    <subfield code="b">LBB</subfield>
    <subfield code="c">B663</subfield>
    <subfield code="d">2020-05-26</subfield>
    <subfield code="o">AGR EAM 2018 B663 Or.1</subfield>
    <subfield code="p">A43448</subfield>
    <subfield code="r">2020-05-26</subfield>
    <subfield code="w">2020-05-26</subfield>
    <subfield code="y">AGR</subfield>
  </datafield>
  <datafield tag="952" ind1=" " ind2=" ">
    <subfield code="0">0</subfield>
    <subfield code="1">0</subfield>
    <subfield code="2">ddc</subfield>
    <subfield code="4">0</subfield>
    <subfield code="6">AGR_EAM_2018_000000000000000_B663_OR_2</subfield>
    <subfield code="7">0</subfield>
    <subfield code="9">84380</subfield>
    <subfield code="a">LBB</subfield>
    <subfield code="b">LBB</subfield>
    <subfield code="c">B663</subfield>
    <subfield code="d">2020-05-26</subfield>
    <subfield code="o">AGR EAM 2018 B663 Or.2</subfield>
    <subfield code="p">A43343</subfield>
    <subfield code="r">2020-05-26</subfield>
    <subfield code="w">2020-05-26</subfield>
    <subfield code="y">AGR</subfield>
  </datafield>
  <datafield tag="952" ind1=" " ind2=" ">
    <subfield code="0">0</subfield>
    <subfield code="1">0</subfield>
    <subfield code="2">ddc</subfield>
    <subfield code="4">0</subfield>
    <subfield code="6">AGR_EAM_2018_000000000000000_B663_OR_3</subfield>
    <subfield code="7">0</subfield>
    <subfield code="9">84381</subfield>
    <subfield code="a">LBB</subfield>
    <subfield code="b">LBB</subfield>
    <subfield code="c">B663</subfield>
    <subfield code="d">2020-05-26</subfield>
    <subfield code="l">1</subfield>
    <subfield code="o">AGR EAM 2018 B663 Or.3</subfield>
    <subfield code="p">A43563</subfield>
    <subfield code="r">2025-05-23</subfield>
    <subfield code="s">2025-05-03</subfield>
    <subfield code="w">2020-05-26</subfield>
    <subfield code="y">AGR</subfield>
  </datafield>
  <datafield tag="952" ind1=" " ind2=" ">
    <subfield code="0">0</subfield>
    <subfield code="1">0</subfield>
    <subfield code="2">ddc</subfield>
    <subfield code="4">0</subfield>
    <subfield code="6">AGR_EAM_2018_000000000000000_B663_OR_4</subfield>
    <subfield code="7">0</subfield>
    <subfield code="9">84382</subfield>
    <subfield code="a">LBB</subfield>
    <subfield code="b">LBB</subfield>
    <subfield code="c">B663</subfield>
    <subfield code="d">2020-05-26</subfield>
    <subfield code="o">AGR EAM 2018 B663 Or.4</subfield>
    <subfield code="p">A42553</subfield>
    <subfield code="r">2020-05-26</subfield>
    <subfield code="w">2020-05-26</subfield>
    <subfield code="y">AGR</subfield>
  </datafield>
  <datafield tag="952" ind1=" " ind2=" ">
    <subfield code="0">0</subfield>
    <subfield code="1">0</subfield>
    <subfield code="2">ddc</subfield>
    <subfield code="4">0</subfield>
    <subfield code="6">AGR_EAM_2018_000000000000000_B663_OR_5</subfield>
    <subfield code="7">0</subfield>
    <subfield code="9">84383</subfield>
    <subfield code="a">LBB</subfield>
    <subfield code="b">LBB</subfield>
    <subfield code="c">B663</subfield>
    <subfield code="d">2020-05-26</subfield>
    <subfield code="o">AGR EAM 2018 B663 Or.5</subfield>
    <subfield code="p">A43233</subfield>
    <subfield code="r">2020-05-26</subfield>
    <subfield code="w">2020-05-26</subfield>
    <subfield code="y">AGR</subfield>
  </datafield>
  <datafield tag="952" ind1=" " ind2=" ">
    <subfield code="0">0</subfield>
    <subfield code="1">0</subfield>
    <subfield code="2">ddc</subfield>
    <subfield code="4">0</subfield>
    <subfield code="6">AGR_EAM_2018_000000000000000_B663_OR_6</subfield>
    <subfield code="7">0</subfield>
    <subfield code="9">84384</subfield>
    <subfield code="a">LBB</subfield>
    <subfield code="b">LBB</subfield>
    <subfield code="c">B663</subfield>
    <subfield code="d">2020-05-26</subfield>
    <subfield code="o">AGR EAM 2018 B663 Or.6</subfield>
    <subfield code="p">A064635</subfield>
    <subfield code="r">2020-10-20</subfield>
    <subfield code="w">2020-05-26</subfield>
    <subfield code="y">AGR</subfield>
  </datafield>
</record>
